000 00527nam a2200205 i 4500
001 C2-0304359
003 PPAK
005 20180728085420.0
008 100519s1978 my |||| ||||| | may d
040 _aPPAK
_beng
_cPPAK
_erda
082 0 4 _a894.8111
_223
090 0 0 _a894.8111
_bSOO
_dKIH
245 0 0 _aPuisi lama
264 1 _aPulau Pinang :
_bInstitut libido ,
_c1978
300 _a57 pages ;
_c23 cm
336 _2rdacontent
_atext
337 _2rdamedia
_aunmediated
338 _2rdacarrier
_avolume
942 _ddc
_cB
999 _c107497
_d107497